书目信息 |
| 题名: |
中国社会组织法律实务指南
|
|
| 作者: | 陆璇 , 林文漪 主编 | |
| 分册: | ||
| 出版信息: | 北京 法律出版社 2016 |
|
| 页数: | 21,306页 | |
| 开本: | 23cm | |
| 丛书名: | 中国非营利组织法律实务丛书 | |
| 单 册: | ||
| 中图分类: | D922.104 | |
| 科图分类: | ||
| 主题词: | 社会组织管理--法律--研究--中国 | |
| 电子资源: | ||
| ISBN: | 978-7-5118-8380-3 | |
| 000 | 00949oam2 2200277 450 | |
| 001 | 351520 | |
| 005 | 20161017102858.27 | |
| 010 | @a978-7-5118-8380-3@dCNY49.00 | |
| 100 | @a20160623d2016 em y0chiy50 ea | |
| 101 | 0 | @achi |
| 102 | @aCN@b110000 | |
| 105 | @ay z 000yy | |
| 106 | @ar | |
| 200 | 1 | @a中国社会组织法律实务指南@f陆璇,林文漪主编 |
| 210 | @a北京@c法律出版社@d2016 | |
| 215 | @a21,306页@d23cm | |
| 225 | 2 | @a中国非营利组织法律实务丛书 |
| 300 | @a爱佑慈善基金会资助出版 加拿大基金资助 复恩法律 | |
| 330 | @a本书以社会组织的法律需求为导向,从社会组织主体相关法律、社会组织活动相关法律、弱势群体服务机构相关法律三个维度十八个方面回答了社会组织的相关法律问题。 | |
| 461 | 0 | @12001 @a中国非营利组织法律实务丛书 |
| 606 | 0 | @a社会组织管理@x法律@x研究@y中国 |
| 690 | @aD922.104@v5 | |
| 701 | 0 | @a陆璇@c(律师)@4主编 |
| 701 | 0 | @a林文漪@c(法律)@4主编 |
| 801 | 0 | @aCN@bTANGWEI@c20160820 |
| 905 | @b0895090-4@dD922.104@e1431@f5 | |
| 中国社会组织法律实务指南/陆璇,林文漪主编.-北京:法律出版社,2016 |
| 21,306页;23cm.-(中国非营利组织法律实务丛书) |
| 爱佑慈善基金会资助出版 加拿大基金资助 复恩法律 |
| ISBN 978-7-5118-8380-3:CNY49.00 |
| 本书以社会组织的法律需求为导向,从社会组织主体相关法律、社会组织活动相关法律、弱势群体服务机构相关法律三个维度十八个方面回答了社会组织的相关法律问题。 |
| ● |
| 相关链接 |
|
|
|
|
正题名:中国社会组织法律实务指南
索取号:D922.104/1431
 
预约/预借
| 序号 | 登录号 | 条形码 | 馆藏地/架位号 | 状态 | 备注 |
| 1 | 0895090 | 208950900 | 第一样本阅览室/ [索取号:D922.104/1431] | 在馆 | |
| 2 | 0895091 | 208950919 | 史法系资料室/ [索取号:D922.104/1431] | 在馆 | |
| 3 | 0895092 | 208950928 | 第一借阅区/ [索取号:D922.104/1431] | 在馆 | |
| 4 | 0895093 | 208950937 | 第一借阅区/ [索取号:D922.104/1431] | 在馆 | |
| 5 | 0895094 | 208950946 | 第一借阅区/ [索取号:D922.104/1431] | 在馆 |